| 000 | 00950cam a22002534a 4500 | ||
|---|---|---|---|
| 001 | 13196790 | ||
| 005 | 20250209123742.0 | ||
| 008 | 030514s2003 nyuaf b 001 0 eng | ||
| 020 | _a9780071402163 | ||
| 050 | 0 | 0 |
_aRC952 _b.P752 2003 |
| 082 | 0 | 0 |
_a618.97 _221 |
| 245 | 0 | 0 |
_aPrinciples of geriatric medicine and gerontology / _ceditors, William R. Hazzard ... [et al.]. |
| 250 | _a5th ed. | ||
| 260 |
_aNew York : _bMcGraw-Hill Professional, _cc2003. |
||
| 300 |
_axxvi, 1648 p., [12] p. of plates : _bill. (some col.) ; _c29 cm. |
||
| 650 | 0 | _aGeriatrics. | |
| 650 | 0 | _aGerontology. | |
| 650 | 1 | 2 | _aGeriatrics. |
| 650 | 2 | 2 | _aHealth Services for the Aged. |
| 700 | 1 |
_aHazzard, William R., _d1936- |
|
| 856 | 4 | 2 |
_3Publisher description _uhttp://www.loc.gov/catdir/description/mh031/2003054011.html |
| 856 | 4 | 2 |
_3Contributor biographical information _uhttp://www.loc.gov/catdir/enhancements/fy0739/2003054011-b.html |
| 942 |
_2lcc _cBK _e5th ed. _n0 |
||
| 999 |
_c3739 _d3739 |
||